000 00378 a2200157 4500
001 195238
020 _a978-86-7406-499-4
040 _cMagnum
100 _aChild, Lauren
240 1 0 _aQuero um bichho de estimação
_lpor
245 1 0 _aQuero um bichho de estimação
362 0 _a2011
440 1 _aCompanhia das Letrinhas
697 _aLITERATURA INFANTIL
942 _cBK
999 _c195238
_d195238